000 nam a22 7a 4500
999 _c330541
_d330541
005 20170802100503.0
008 170719b xxu||||| |||| 00| 0 eng d
040 _cNUST
082 _a360
100 _aMinistry of labour, Govt of Pakistan
_93709
245 _aPakistan employment trends 2008
_bYouth
260 _aPakistan:
_c2008.
_bMinistry of labour, Govt of Pakistan
300 _a76p
942 _2ddc
_cBK